Top 10 Countries with the Most Cars - Statistics

General Stats
  • This quiz has been taken 67 times
  • The average score is 9 of 10
Answer Stats
Rank Answer % Correct
#2 United States of America
98%
#1 China
97%
#4 Germany
97%
#8 France
95%
#3 Japan
94%
#5 India
92%
#7 Russia
89%
#10 Italy
86%
#6 South Korea
75%
#9 Australia
73%
No matching quizzes found
Score Distribution
Percent of People with Each Score
Percentile by Number Answered
Your Score History
You have not taken this quiz